Elektronika pre 3. ročník SPŠE

Bibliographic Details
Main Authors: Ráček, Vladimír, 1935- (Author), Mádel, Pavel (Author)
Format: Book
Language:Slovak
PhysicalDescription:389 strán fotografie, grafy, schémy, tabuľky 21 cm
Published: Bratislava Alfa-press 2004
ISBN:8089004806
Edition:3. vyd., (v Alfa-press 2. vyd.)
Subjects:

MARC

LEADER 00000cam a2200000 a 4500
001 vtls001480986
003 SK-MaSNL
005 20260301015039.0
008 240226s2004 xo odl drnp 000 0 slo
015 |a SNBA2005/04-01236 
020 |a 8089004806  |q (brožované) 
035 |a SNK000436284 
035 |a urn:nbn:sk:snk-am3j33s 
035 |a 565A2C13-6C91-4CDD-8763-B3888001F86F 
035 |a urn:nbn:sk:snk-am00gl6s 
040 |a SNK  |b slo  |c SNK  |e AACR2 
041 0 |a slo 
044 |a xo  |c SK 
072 7 |a 621.38  |x Elektronika  |2 konspekt 
072 7 |a 37.016  |x Učebné osnovy. Vyučovacie predmety. Učebnice  |2 konspekt 
080 |a (075.3)  |2 1997 
080 |a 621.38  |2 1997 
080 |a 621.38  |2 2011 
080 |a (075.3)  |2 2011 
100 1 |a Ráček, Vladimír,  |d 1935-  |4 aut  |9 215137 
245 1 0 |a Elektronika pre 3. ročník SPŠE  |c Vladimír Ráček, Pavel Mádel 
250 |a 3. vyd., (v Alfa-press 2. vyd.) 
260 |a Bratislava  |b Alfa-press  |c 2004 
300 |a 389 strán  |b fotografie, grafy, schémy, tabuľky  |c 21 cm 
500 |a Celkovo 3. vyd. 
504 |a Bibliografia na strane 388-389 
650 0 7 |a elektronika  |2 SNKPH  |9 3618 
655 7 |a učebnice stredných škôl  |2 SNKPH  |9 69323 
700 1 |a Mádel, Pavel  |4 aut  |9 304277 
919 |a 80-89004-80-6 
958 |a TL 
958 |a NB 
958 |a UC 
958 |a OND 
999 |c 559939  |d 561869 
952 |t P60, <03>, [BOOK], {603}, -K-  |a SNK  |b SNK  |y PREZ  |7 0  |p 17A0442010  |o snkSC 117135  |i snkKSP 11480/2004  |0 0  |1 0  |4 0  |d 2004-09-02  |f 1  |l 0  |r 2025-10-16 00:00:00  |w 2026-02-23 
952 |t P60, <04>, [BOOK], {604}  |a SNK  |b SNK  |y VYP  |7 0  |p 17A0442011  |o snkSC 117135 D1  |i snkKSP 11481/2004  |0 0  |1 0  |4 0  |d 2004-09-02  |l 0  |r 2005-01-02 00:00:00  |w 2026-02-23